<?xml version="1.0" encoding="UTF-8"?>
<collection xmlns="http://www.loc.gov/MARC21/slim">
 <record>
  <leader>01646nam a2200205Ia 4500</leader>
  <controlfield tag="001">TDMU_34197</controlfield>
  <controlfield tag="008">210410s9999    xx            000 0 und d</controlfield>
  <datafield tag="082" ind1=" " ind2=" ">
   <subfield code="a">670.285</subfield>
  </datafield>
  <datafield tag="090" ind1=" " ind2=" ">
   <subfield code="b">M458</subfield>
  </datafield>
  <datafield tag="245" ind1=" " ind2="0">
   <subfield code="a">Một trăm năm cách mạng tháng Mười Nga và chủ nghĩa xã hội từ hiện thực (1917-2017) - Giá trị lịch sử và ý nghĩa thời đại</subfield>
  </datafield>
  <datafield tag="245" ind1=" " ind2="0">
   <subfield code="c">Võ Văn Thưởng, Phạm Văn Linh, Nguyễn Viết Thảo, Phạm Ngọc Anh...[và những người khác]</subfield>
  </datafield>
  <datafield tag="260" ind1=" " ind2=" ">
   <subfield code="a">H.</subfield>
  </datafield>
  <datafield tag="260" ind1=" " ind2=" ">
   <subfield code="b">Chính trị Quốc gia Sự thật</subfield>
  </datafield>
  <datafield tag="260" ind1=" " ind2=" ">
   <subfield code="c">2018</subfield>
  </datafield>
  <datafield tag="300" ind1=" " ind2=" ">
   <subfield code="a">940tr.</subfield>
  </datafield>
  <datafield tag="520" ind1=" " ind2=" ">
   <subfield code="a">Tập hợp các bài viết được chọn lọc từ hội thảo cấp Nhà nước &quot;100 năm CM tháng Mười Nga và CNXH hiện thực (1917-2017) - Giá trị lịch sử và ý nghĩa thời đại. Gồm 3 phần: CM T 10 Nga - Giá trị lịch sử và ý nghĩa thời đại; CM T10 Nga và CNXH hiện thực trên thế giới; CM T10 Nga và con đường đi lên CNXH của Việt Nam.; ĐTTS ghi: Học viện Chính trị Quốc gia Hồ Chí Minh; Ban Tuyên giáo Trung ương; Hội đồng lý luận Trung ương; Viện Hàn lâm Khoa học xã hội Việt Nam.</subfield>
  </datafield>
  <datafield tag="650" ind1=" " ind2=" ">
   <subfield code="a">Lịch sử</subfield>
   <subfield code="x">Cách mạng tháng Mười Nga; Lịch sử Nga</subfield>
   <subfield code="x">Chủ nghĩa xã hội</subfield>
  </datafield>
  <datafield tag="700" ind1=" " ind2=" ">
   <subfield code="a">Võ, Văn Thưởng</subfield>
  </datafield>
  <datafield tag="856" ind1=" " ind2=" ">
   <subfield code="u">http://lrc.tdmu.edu.vn/opac/search/detail.asp?aID=2&amp;ID=34197</subfield>
  </datafield>
  <datafield tag="980" ind1=" " ind2=" ">
   <subfield code="a">Trung tâm Học liệu Trường Đại học Thủ Dầu Một</subfield>
  </datafield>
 </record>
</collection>
